| 000 | 00479nam a2200181Ia 4500 | ||
|---|---|---|---|
| 005 | 20251020182616.0 | ||
| 008 | 200515s9999 xx 000 0 und d | ||
| 082 | _aSC/693.55(033.3)/S99 | ||
| 110 | _aSymons Corporation | ||
| 245 | 0 | _aSymons Corporation : concrete formwork and accesories since 1901 | |
| 260 | _aDes Plaine | ||
| 260 | _cs.a. | ||
| 300 | _a113 | ||
| 520 | _aAccesorios para trabajo en concreto | ||
| 650 | _aCATALOGOS | ||
| 650 | _aCONCRETO | ||
| 942 | _cLIB | ||
| 999 |
_c3497 _d3497 |
||